Score 0/20 Timer 03:00
0 Plays Today
Hint Answer % Correct
_____ AloneHome
96.7%
_____ Upon a Crime...Once
96.1%
Planes, Trains & _____Automobiles
95.8%
The Rescuers _____ UnderDown
93.4%
Nothing _____ TroubleBut
93.2%
Armed and _____Dangerous
92.8%
The ____ OutdoorsGreat
91.3%
Lost & _____ Found
90.6%
Little ___ of HorrorsShop
90.4%
_____ RunningsCool
90.4%
Hint Answer % Correct
Rookie of the _____Year
90.1%
Uncle _____Buck
86.6%
_____ Harry Crumb?Who's
72.3%
The _____ BrothersBlues
72.1%
Brewster's _____Millions
65.3%
Canadian _____Bacon
61.8%
_____ MetalHeavy
61.3%
_____ RentalSummer
35.4%
Wagons _____East
25.8%
_____ NegativeDouble
23.3%

Today's Daily Dose

Remove Ads.
Support Sporcle.
Get the best of Sporcle when you Go Orange. This ad-free experience offers more features, more stats, and more fun while also helping to support Sporcle. Thank you for becoming a member.

You're not logged in!

Compare scores with friends on all Sporcle quizzes.
OR
Log In

Show Comments

Extras

Top Quizzes Today


Score Distribution

Your Account Isn't Verified!

In order to create a playlist on Sporcle, you need to verify the email address you used during registration. Go to your Sporcle Settings to finish the process.

Report this User

Report this user for behavior that violates our Community Guidelines.

Details: